WWE NXT Finishers - Statistics

General Stats
  • This quiz has been taken 845 times
  • The average score is 4 of 15
Answer Stats
Hint Answer % Correct
Baron Corbin End Of Days
97%
Sami Zayn Helluva Kick
51%
Hideo Itami GTS
46%
Zack Ryder Rough Ryder
41%
Samoa Joe Muscle Buster
38%
Tyler Breeze Beauty Shot
30%
The Ascension Fall Of Man
23%
Nia Jax Leg Drop
20%
Finn Balor Coupe de Grace
19%
Bayley Belly to Bayley
17%
Mojo Rawley Hyper Drive
13%
Apollo Crews Standing Moonsault
13%
Eva Marie Sliced Red
9%
Alexa Bliss Sparkle Splash
9%
Dash & Dawson The Shatter Machine
9%
No matching quizzes found
Score Distribution
Percent of People with Each Score
Percentile by Number Answered
Your Score History
You have not taken this quiz